00519 2200193 4500001002100000005001500021035002000036007000300056008004100059020001800100082001200118084001800130100002000148245004300168260003800211300004500249650001500294990001600309INLIS00000000000015520231013024833 a0010-1023000091ta231013 g 0 ind  a979-489-548-2 a636.513 a636.513 BAM a0 aBambang Cahyono1 aAyam Buras Pedaging /cBambang Cahyono aJakarta :bPenebar Swadaya,c2001 aviii, 100 hlm, :bilus, ;c14 cm x 21 cm 4aAyam Buras a00000000165